| 000 | 00456nam a2200157Ia 4500 | ||
|---|---|---|---|
| 999 |
_c19518 _d19518 |
||
| 003 | OSt | ||
| 005 | 20200630113348.0 | ||
| 008 | 190216s9999||||xx |||||||||||||| ||und|| | ||
| 040 | _coclc | ||
| 082 |
_a934 _bLEV/A |
||
| 100 |
_aLevin, G M Bongard _93346 |
||
| 245 | 0 |
_aAncient Indian Civilization / _cG M Bongard Levin |
|
| 260 |
_bArnold-Heinemann, _c1985. _aNew Delhi: |
||
| 300 | _a320p | ||
| 942 |
_cBK _2ddc _h934 _iLEV/A _k934 _mLEV/A |
||